000 00455nam a2200169Ia 4500
999 _c21607
_d21607
003 OSt
005 20200609152451.0
008 190216s9999||||xx |||||||||||||| ||und||
020 _a9789380252919
040 _coclc
082 _a376
_bARU/W
100 _aArun, R K
_92707
245 0 _aWomen`s Education /
_cR K Arun
260 _bCentrum Press,
_c2009.
_aNew Delhi:
300 _a304p
942 _cBK
_2ddc
_h376
_iARU/W
_k376
_mARU/W